Sympathien-Quiz Bundesliga - Statistiken

Allgemein
  • Dieses Quiz wurde 48 mal gespielt
  • Das Durchschnittsergebnis liegt bei 23 aus 36
Antwortstatistiken
Aus Sicht von: Extrem Verein % Korrekt
Hamburger SV Unsympathisch Werder Bremen
88%
Bayer Leverkusen Unsympathisch 1. FC Köln
86%
Werder Bremen Unsympathisch Hamburger SV
86%
FC St. Pauli Unsympathisch RB Leipzig
81%
Borussia Dortmund Unsympathisch Bayern München
79%
RB Leipzig Unsympathisch Bayern München
79%
1. FC Heidenheim Unsympathisch RB Leipzig
79%
Borussia Mönchengladbach Unsympathisch RB Leipzig
79%
VfB Stuttgart Unsympathisch RB Leipzig
79%
Bayern München Unsympathisch Borussia Dortmund
77%
Eintracht Frankfurt Unsympathisch RB Leipzig
77%
SC Freiburg Unsympathisch RB Leipzig
77%
1. FC Köln Unsympathisch RB Leipzig
77%
VfL Wolfsburg Unsympathisch Bayern München
74%
Union Berlin Unsympathisch RB Leipzig
74%
1. FSV Mainz 05 Unsympathisch RB Leipzig
74%
FC Augsburg Unsympathisch RB Leipzig
72%
Borussia Dortmund Sympathisch SC Freiburg
65%
FC Augsburg Sympathisch SC Freiburg
63%
Werder Bremen Sympathisch FC St. Pauli
60%
Bayer Leverkusen Sympathisch SC Freiburg
58%
1. FSV Mainz 05 Sympathisch SC Freiburg
58%
FC St. Pauli Sympathisch Werder Bremen
58%
RB Leipzig Sympathisch SC Freiburg
56%
Union Berlin Sympathisch Borussia Mönchengladbach
53%
VfL Wolfsburg Sympathisch SC Freiburg
53%
1. FC Köln Sympathisch Borussia Dortmund
51%
Eintracht Frankfurt Sympathisch Borussia Dortmund
49%
Hamburger SV Sympathisch Borussia Dortmund
42%
Bayern München Sympathisch Borussia Mönchengladbach
42%
Borussia Mönchengladbach Sympathisch Werder Bremen
40%
TSG Hoffenheim Sympathisch 1. FC Heidenheim
35%
SC Freiburg Sympathisch Borussia Mönchengladbach
35%
VfB Stuttgart Sympathisch Borussia Mönchengladbach
35%
1. FC Heidenheim Sympathisch FC St. Pauli
35%
TSG Hoffenheim Unsympathisch Hamburger SV
28%
Keine übereinstimmenden Quizze gefunden
Verteilung der Resultate
Anzahl Personen mit jedem Resultat
Perzentil nach korrekt beantworteten Fragen
Ihre Resultats-Entwicklung
Sie haben dieses Quiz noch nicht gespielt